Language Quiz

Random Language or Numbers Quiz

Every Word from One to Five Quiz Stats

Quiz Updated Mar 11, 2014

Also try: 5x5 Word Scramble
Challenge
Share
Tweet
Embed
Score 0/35 Timer 04:00
0 Plays Today
Hint Answer % Correct
OneOn
97.7%
TwoTo
97.2%
OneNo
96.5%
ThreeHe
91.4%
TwoOw
89.6%
OneEn
89.2%
ThreeThe
89%
TwoWot
87.9%
FourFor
86.7%
TwoTow
86.6%
ThreeRe
86.4%
FourOur
84.8%
ThreeHer
84.5%
FiveVie
80.2%
ThreeTee
79.3%
ThreeTree
77.9%
FiveFie
77.3%
OneEon
77.3%
Hint Answer % Correct
FourFur
73.8%
FourOr
71.5%
ThreeHere
71.4%
ThreeThee
70.3%
ThreeEr
69.6%
ThreeThere
68.5%
FourOf
64.7%
FiveIf
63.9%
ThreeEt
61%
ThreeHet
60.2%
ThreeRet
59.8%
ThreeEre
54.4%
FourFro
50%
FiveEf
47.4%
ThreeEh
44.8%
ThreeEther
24.1%
ThreeRete
16.6%

You're not logged in!

Compare scores with friends on all Sporcle quizzes.
Sign Up with Email
OR
Log In

You Might Also Like...

Show Comments

Extras

Top Quizzes Today


Score Distribution

Your Account Isn't Verified!

In order to create a playlist on Sporcle, you need to verify the email address you used during registration. Go to your Sporcle Settings to finish the process.